01655nam a2200241Ia 4500003000400000005001700004008004100021040002100062041000800083082002600091100003400117245007100151260005300222300002900275501003400304505080900338650003501147650003201182650003901214942001201253999001701265952013101282OSt20210714102900.0210310s1974 ck gr 000 0 spa d aCO-JMCRcCO-JMCR aspa04a332.0415 /bC976a2231 aCurrie, Lauchlineautor9425110aAhorro, corrección monetaria y construcción /cLauchlin Currie a[Bogotá] : bUniversidad de los Andes, c1974. a133 páginas ; c24 cm. aCon: notas a pie de página. aPor qué corrección monetaria. -- El ahorro y la estrategia de los sectores impulsadores. -- El campo de acción del sistema de ahorro y préstamo en el valor constante. -- El ahorro, la construcción y el ingreso. -- La primera estrategia - Problemas presentes y problemas futuros. -- Los ahorros y el mercado de capitales. -- l financiamiento del crecimiento en los países desarrollados. -- Magnitudes y prioridades del plan de desarrollo. -- El ahorro, el dinero y los precios. -- Cuellos de botella en los materiales de construcción. -- Problemas relacionados con las altas tasas de crecimiento. -- El sistema de ahorro y vivienda y la cuarta estrategia. -- Los impuestos y la corrección monetaria. -- Una nota sobre el significado de un índice de salarios. -- Mirando hacia el futuro. 14aLa política monetaria92679124aAhorro e inversión93844024aIndustria de construcción938441 2ddccBK c11914d11914 00102ddc4070aCPLbCPLcGENd2018-04-15eDonacióno332.0415 / C976ap430003134r2024-05-16 00:00:00tEj.1w2021-03-10yBK